50 Random Travis Scott Lyrics - Statistics

General Stats
  • This quiz has been taken 201 times
    182 since last reset
  • The average score is 18 of 50
Answer Stats
Song Lyric Song Name % Correct
m&m's, sweet like candy cane BUTTERFLY EFFECT
82%
Ok, I got it, copy, 20-20 but I can't see nobody the ends
68%
When I'm pulling up right beside ya, pop star lil Mariah goosebumps
62%
Ladies order up the champagne, a whole lot of it 3500
59%
Afterwards, pass the towel, I was out of Kleenex SKELETONS
55%
I pass the rock to Ye, he pump faked, then passed it back bitch 90210
54%
We do it for streets, we do it for keeps, we do it for rights, got 52 weeks MY EYES
53%
Hotter than the summer, the winter couldn't chill me Nightcrawler
51%
I might need to move to Atlantis, 'cause my mind too outlandish Pornography
48%
Floating in my prime time, one life, live it, right now THANK GOD
48%
I'm drivin' through hell and I done brought snow HYAENA
47%
I cut some off, I had to better myself SKITZO
46%
I'm alive, just took one to revive, keep that vibe when we show up and collide WHO? WHAT!
42%
I think there's someone out there that's watching me, yeah 5% TINT
41%
A walking attraction, a walking distraction, I'm naturally black and, unnaturally breathin' CIRCUS MAXIMUS
40%
Nobody can press me but the press, nobody can check me when it's chess HOUSTONFORNICATION
39%
Pulled out in a hood Toyota, drove back to the hood Lambo beibs in the trap
38%
We ain't stressin' 'bout the loot, My block made of quesería HIGHEST IN THE ROOM
38%
I feel like I'm chosen, I'm covered in gold YOSEMITE
38%
At three, that blue shit kick in', in thirty you'll feel your best I KNOW ?
37%
Man I can't take no more of this lifestyle we've been living Pray 4 Love
37%
And when they free us out, it's gonna be a film, a Kodak FRANCHISE
36%
Mixin' the water with cheese is makin' the money get mold, yeah CAROUSEL
35%
You know I really need ya, need ya, need ya, right now Mamacita
35%
I got the formula like I own the race, I got the keys with me like I own the place MODERN JAM
34%
Jacques was born on april 30, aye Ok Alright
34%
Cleaners got anything you might've left, I couldn't do none of this by myself MAFIA
33%
Around 3 AM, dog, I was getting busy in the bathroom stall The Prayer
33%
'Bout to go up a level of disrespectful LOST FOREVER
32%
Really miss the feeling of the late nights, shit we used to do around midnight Oh My Dis Side
32%
Now I got your attention, it's wide and beatin' SIRENS
32%
We on a quest with the tribe, it's way too late pick a side GANG GANG
29%
I've been gone for some time now, I just want a lil' taste Maria I'm Drunk
29%
If I love her I'ma pass her one, first rule of war, you find an act of one STOP TRYING TO BE GOD
29%
Always thought T was a rex, never thought T was a wreck WHAT TO DO?
29%
You been out the streets, yeah, Wildin' on me and all my G's, we been going for a week ASTROTHUNDER
27%
She was down when I dropped out college Don't Play
27%
You know what we grew on, we go back like futons and coupons lose
27%
Don't do playgrounds, we do not swing sets NC-17
27%
Thought you could cross the gang, what was you thinkin' of? OUT WEST
27%
Mama worked for AT&T and we still ain't get that service Backyard
25%
Blowin' a bag on you, Do all of that for no reason pick up the phone
24%
This why I moved to Cali, stepped outside and got shaded for Piss On Your Grave
22%
Run back them summers I caught through the night, I done dirtied the Sprite, I done crushed up the ice Mo City Flexologist
20%
I ain't a bouncer but the way you bouncin', I might just frisk ya guidance
16%
Gettin' bored of this money, count it all day Watch
15%
Yeah, keep that in mind, fear two things, being broke and dying Grey
14%
At Ace of Diamonds with Ace of Spades, we at Club White, ain't no Mandalay Dubai Shit
11%
Red and blue matching drugs, Did 'em both just because Modern Slavery
10%
Poker face, in and out my place, When you play that high stake Where U From
10%
No matching quizzes found
Score Distribution
Percent of People with Each Score
Percentile by Number Answered
Your Score History
You have not taken this quiz since the last reset